000 00282nam a22001337a 4500
003 SGT
082 _a612.3
_bN15E
100 _aELIZABATH, K.E.
245 _aNUTRITION & CHILD DEVELOPMENT
250 _a5TH
260 _aINDIA
_bPARAS
_c2015
300 _a633
942 _2ddc
_cBK
_02
999 _c12087
_d12087